| 000 | 00452nam a22001697a 4500 | ||
|---|---|---|---|
| 003 | NUST - PNEC | ||
| 005 | 20170116181054.0 | ||
| 008 | 150930b xxu||||| |||| 00| 0 eng d | ||
| 040 | _cLIBRARY | ||
| 082 | _a658.5 SHA | ||
| 100 |
_95607 _aSharma S.C |
||
| 245 |
_aIndustrial engineering and management science. _cS.C. Sharma |
||
| 250 | _a10th ed. | ||
| 260 | _c2004 | ||
| 650 |
_97814 _aIndustrial manufacturing engineering _xIME |
||
| 942 |
_2ddc _cBK |
||
| 999 |
_c68484 _d68484 |
||